[Event "Deutsche Ländermeisterschaft 2024"]
[Site "Tübingen GER"]
[Date "2024.10.05"]
[Round "6"]
[White "Sun, Christopher"]
[Black "Peglau, Paul David"]
[Result "0-1"]
[Termination "normal"]
[Board "7.5"]
[WhiteElo "1711"]
[BlackElo "1866"]
[WhiteClock "00:18:38"]
[BlackClock "00:32:58"]
[WhiteTeam "SG Baden / Württemberg"]
[BlackTeam "Sachsen"]
[PlyCount "80"]
[WhiteFideId "34630368"]
[BlackFideId "16290550"]
[EventCountry "GER"]
[EventRounds "7"]
[EventType "team-swiss"]
[EventDate "2024.10.02"]

1. e4 {[%clk 01:30:58]} c6 {[%clk 01:30:54]} {[%emt 00:00:08]} 2. d4 {[%clk
01:31:25]} {[%emt 00:00:03]} d5 {[%clk 01:31:21]} {[%emt 00:00:03]} 3. exd5
{[%clk 01:31:49]} {[%emt 00:00:06]} cxd5 {[%clk 01:31:45]} {[%emt 00:00:05]} 4.
Bd3 {[%clk 01:32:14]} {[%emt 00:00:05]} Nc6 {[%clk 01:32:12]} {[%emt 00:00:04]}
5. c3 {[%clk 01:32:40]} {[%emt 00:00:04]} Nf6 {[%clk 01:32:38]} {[%emt
00:00:04]} 6. Bf4 {[%clk 01:32:59]} {[%emt 00:00:11]} Bg4 {[%clk 01:32:35]}
{[%emt 00:00:33]} 7. Qb3 {[%clk 01:33:24]} {[%emt 00:00:05]} Qc8 {[%clk
01:32:34]} {[%emt 00:00:31]} 8. Nd2 {[%clk 01:33:15]} {[%emt 00:00:38]} e6
{[%clk 01:32:49]} {[%emt 00:00:16]} 9. Ngf3 {[%clk 01:33:42]} {[%emt 00:00:04]}
Be7 {[%clk 01:32:32]} {[%emt 00:00:47]} 10. O-O {[%clk 01:32:32]} {[%emt
00:01:39]} O-O {[%clk 01:31:06]} {[%emt 00:01:56]} 11. Rae1 {[%clk 01:31:40]}
{[%emt 00:01:22]} a6 {[%clk 01:30:10]} {[%emt 00:01:26]} 12. Ne5 {[%clk
01:30:41]} {[%emt 00:01:29]} Bh5 {[%clk 01:27:25]} {[%emt 00:03:16]} 13. Bg5
{[%clk 01:28:24]} {[%emt 00:02:47]} Bg6 {[%clk 01:25:44]} {[%emt 00:02:11]} 14.
Bxg6 {[%clk 01:27:44]} {[%emt 00:01:09]} hxg6 {[%clk 01:25:57]} {[%emt
00:00:17]} 15. f4 {[%clk 01:28:07]} {[%emt 00:00:07]} b5 {[%clk 01:24:51]}
{[%emt 00:01:37]} 16. Re3 {[%clk 01:24:46]} {[%emt 00:03:50]} Nxe5 {[%clk
01:21:04]} {[%emt 00:04:18]} 17. Rxe5 {[%clk 01:20:44]} {[%emt 00:04:32]} Rb8
{[%clk 01:18:33]} {[%emt 00:03:01]} 18. Nf3 {[%clk 01:13:39]} {[%emt 00:07:34]}
b4 {[%clk 01:17:56]} {[%emt 00:01:08]} 19. Re2 {[%clk 01:02:44]} {[%emt
00:11:24]} bxc3 {[%clk 01:15:50]} {[%emt 00:02:37]} 20. Qxc3 {[%clk 01:02:52]}
{[%emt 00:00:22]} Qxc3 {[%clk 01:11:29]} {[%emt 00:04:51]} 21. bxc3 {[%clk
01:03:14]} {[%emt 00:00:08]} Rfc8 {[%clk 01:11:21]} {[%emt 00:00:38]} 22. Rc2
{[%clk 01:01:28]} {[%emt 00:02:15]} Rb7 {[%clk 01:08:34]} {[%emt 00:03:18]} 23.
Ne5 {[%clk 00:57:23]} {[%emt 00:04:35]} Ne4 {[%clk 01:03:53]} {[%emt 00:05:12]}
24. Bxe7 {[%clk 00:55:41]} {[%emt 00:02:11]} Rxe7 {[%clk 01:04:21]} {[%emt
00:00:02]} 25. Rb1 {[%clk 00:51:22]} {[%emt 00:04:49]} Rxc3 {[%clk 00:58:45]}
{[%emt 00:06:06]} 26. Rxc3 {[%clk 00:51:10]} {[%emt 00:00:41]} Nxc3 {[%clk
00:59:14]} {[%emt 00:00:02]} 27. Rb8+ {[%clk 00:50:05]} {[%emt 00:01:35]} Kh7
{[%clk 00:59:20]} {[%emt 00:00:23]} 28. Ra8 {[%clk 00:48:59]} {[%emt 00:01:36]}
f6 {[%clk 00:55:52]} {[%emt 00:03:59]} 29. Nf3 {[%clk 00:46:42]} {[%emt
00:02:47]} Nxa2 {[%clk 00:55:29]} {[%emt 00:00:54]} 30. Rxa6 {[%clk 00:46:53]}
{[%emt 00:00:19]} Nc3 {[%clk 00:55:27]} {[%emt 00:00:31]} 31. Kf2 {[%clk
00:45:52]} {[%emt 00:01:29]} Kg8 {[%clk 00:54:27]} 32. g4 {[%clk 00:43:40]}
{[%emt 00:04:13]} Kf7 {[%clk 00:54:11]} {[%emt 00:00:47]} 33. Ra8 {[%clk
00:39:13]} {[%emt 00:04:56]} Rb7 {[%clk 00:52:04]} {[%emt 00:02:37]} 34. Ra3
{[%clk 00:33:06]} {[%emt 00:06:37]} Rb2+ {[%clk 00:50:02]} {[%emt 00:02:33]}
35. Kf1 {[%clk 00:31:00]} {[%emt 00:02:34]} Ne4 {[%clk 00:47:48]} {[%emt
00:02:45]} 36. Ra7+ {[%clk 00:28:21]} {[%emt 00:03:09]} Kg8 {[%emt 00:00:45]}
37. Nh4 {[%clk 00:27:24]} {[%emt 00:01:20]} Kh7 {[%emt 00:04:04]} 38. Kg1
{[%clk 00:23:48]} {[%emt 00:03:10]} Rf2 {[%clk 00:36:36]} {[%emt 00:08:56]} 39.
Re7 {[%clk 00:18:52]} {[%emt 00:05:26]} Rxf4 {[%clk 00:34:09]} {[%emt
00:02:56]} 40. h3 {[%clk 00:18:38]} {[%emt 00:00:43]} Ng5 {[%clk 00:32:58]}
{[%emt 00:01:42]} 0-1

[Event "Deutsche Ländermeisterschaft 2024"]
[Site "Tübingen GER"]
[Date "2024.10.05"]
[Round "6"]
[White "Glowiak, Alexandra"]
[Black "Wang, Enya Marie"]
[Result "1-0"]
[Termination "normal"]
[Board "7.6"]
[WhiteElo "1839"]
[BlackElo "1610"]
[WhiteClock "00:13:02"]
[BlackClock "00:17:18"]
[WhiteTeam "Sachsen"]
[BlackTeam "SG Baden / Württemberg"]
[PlyCount "65"]
[WhiteFideId "16259530"]
[BlackFideId "34660330"]
[EventCountry "GER"]
[EventRounds "7"]
[EventType "team-swiss"]
[EventDate "2024.10.02"]

1. e4 {[%clk 01:30:57]} {[%emt 00:00:03]} e5 {[%clk 01:30:56]} {[%emt
00:00:04]} 2. Nf3 {[%clk 01:31:24]} {[%emt 00:00:03]} Nc6 {[%clk 01:31:22]}
{[%emt 00:00:04]} 3. Bc4 {[%clk 01:31:51]} {[%emt 00:00:03]} Nf6 {[%clk
01:31:46]} {[%emt 00:00:06]} 4. d3 {[%clk 01:32:15]} {[%emt 00:00:06]} h6
{[%clk 01:32:03]} {[%emt 00:00:14]} 5. c3 {[%clk 01:32:39]} {[%emt 00:00:05]}
d6 {[%clk 01:32:23]} {[%emt 00:00:09]} 6. O-O {[%clk 01:33:01]} {[%emt
00:00:08]} g5 {[%clk 01:32:29]} {[%emt 00:00:24]} 7. b4 {[%clk 01:14:16]}
{[%emt 00:19:15]} Bg7 {[%clk 01:29:53]} {[%emt 00:03:06]} 8. a4 {[%clk
01:13:18]} {[%emt 00:01:27]} a5 {[%clk 01:28:07]} {[%emt 00:02:16]} 9. b5
{[%clk 01:13:02]} {[%emt 00:00:47]} Ne7 {[%clk 01:28:09]} {[%emt 00:00:28]} 10.
Qb3 {[%clk 01:04:38]} {[%emt 00:08:55]} O-O {[%clk 01:27:31]} {[%emt 00:01:07]}
11. Nbd2 {[%clk 01:03:35]} {[%emt 00:01:33]} Ng6 {[%clk 01:24:40]} {[%emt
00:03:22]} 12. d4 {[%clk 00:57:58]} {[%emt 00:06:07]} exd4 {[%clk 01:21:21]}
{[%emt 00:03:49]} 13. cxd4 {[%clk 00:57:56]} {[%emt 00:00:31]} Qe7 {[%clk
01:18:37]} {[%emt 00:03:14]} 14. e5 {[%clk 00:50:17]} {[%emt 00:08:09]} dxe5
{[%clk 01:17:04]} {[%emt 00:02:04]} 15. Ba3 {[%clk 00:50:00]} {[%emt 00:00:46]}
Qd7 {[%clk 01:15:22]} {[%emt 00:02:09]} 16. Bxf8 {[%clk 00:50:07]} {[%emt
00:00:27]} Kxf8 {[%clk 01:15:04]} {[%emt 00:00:48]} 17. Nxe5 {[%clk 00:46:49]}
{[%emt 00:03:48]} Nxe5 {[%clk 01:12:15]} {[%emt 00:03:18]} 18. dxe5 {[%clk
00:46:56]} {[%emt 00:00:23]} Ng4 {[%clk 01:09:55]} {[%emt 00:02:50]} 19. Nf3
{[%clk 00:46:36]} {[%emt 00:00:51]} Nxe5 {[%clk 01:06:57]} {[%emt 00:03:26]}
20. Rad1 {[%clk 00:44:48]} {[%emt 00:02:20]} Qe7 {[%clk 01:02:22]} {[%emt
00:05:04]} 21. Rfe1 {[%clk 00:41:46]} {[%emt 00:03:33]} Bg4 {[%clk 00:58:06]}
{[%emt 00:04:47]} 22. Rc1 {[%clk 00:31:19]} {[%emt 00:10:57]} Re8 {[%clk
00:52:31]} {[%emt 00:06:03]} 23. Nxe5 {[%clk 00:30:35]} {[%emt 00:01:16]} Bxe5
{[%clk 00:52:40]} {[%emt 00:00:21]} 24. h3 {[%clk 00:30:22]} {[%emt 00:00:42]}
Bf5 {[%clk 00:51:11]} {[%emt 00:01:57]} 25. Qf3 {[%clk 00:20:56]} {[%emt
00:09:58]} Bg6 {[%clk 00:48:22]} {[%emt 00:03:20]} 26. Re3 {[%clk 00:19:30]}
{[%emt 00:01:57]} Qb4 {[%clk 00:42:57]} {[%emt 00:05:55]} 27. Bb3 {[%clk
00:19:25]} {[%emt 00:00:33]} Bf4 {[%clk 00:32:09]} {[%emt 00:11:18]} 28. Rxe8+
{[%clk 00:19:47]} {[%emt 00:00:08]} Kxe8 {[%clk 00:32:33]} {[%emt 00:00:06]}
29. Rd1 {[%clk 00:14:13]} {[%emt 00:06:03]} Be4 {[%clk 00:24:53]} {[%emt
00:08:11]} 30. Qe2 {[%clk 00:13:47]} {[%emt 00:00:56]} Qe7 {[%clk 00:20:08]}
{[%emt 00:05:14]} 31. Re1 {[%clk 00:12:59]} {[%emt 00:01:19]} Bd6 {[%clk
00:18:51]} {[%emt 00:01:46]} 32. Qxe4 {[%clk 00:12:41]} {[%emt 00:00:49]} Qxe4
{[%clk 00:17:18]} {[%emt 00:02:03]} 33. Rxe4+ {[%clk 00:13:02]} {[%emt
00:00:08]} 1-0

[Event "Deutsche Ländermeisterschaft 2024"]
[Site "Tübingen GER"]
[Date "2024.10.05"]
[Round "6"]
[White "Tu, Tiffany"]
[Black "Jacobasch, Ronja"]
[Result "0-1"]
[Termination "normal"]
[Board "7.7"]
[WhiteElo "1675"]
[BlackElo "1879"]
[WhiteClock "00:25:52"]
[BlackClock "00:18:07"]
[WhiteTeam "SG Baden / Württemberg"]
[BlackTeam "Sachsen"]
[PlyCount "64"]
[WhiteFideId "34628576"]
[BlackFideId "34604340"]
[EventCountry "GER"]
[EventRounds "7"]
[EventType "team-swiss"]
[EventDate "2024.10.02"]

1. e4 {[%clk 01:30:57]} {[%emt 00:00:02]} d6 {[%clk 01:30:55]} {[%emt
00:00:06]} 2. d4 {[%clk 01:31:10]} {[%emt 00:00:17]} Nf6 {[%clk 01:31:18]}
{[%emt 00:00:07]} 3. Nc3 {[%clk 01:31:29]} {[%emt 00:00:10]} g6 {[%clk
01:31:41]} {[%emt 00:00:07]} 4. Be3 {[%clk 01:31:52]} {[%emt 00:00:07]} Bg7
{[%clk 01:32:04]} {[%emt 00:00:07]} 5. Qd2 {[%clk 01:32:11]} {[%emt 00:00:11]}
c6 {[%clk 01:31:23]} {[%emt 00:01:11]} 6. O-O-O {[%clk 01:32:11]} {[%emt
00:00:30]} b5 {[%clk 01:30:35]} {[%emt 00:01:18]} 7. f3 {[%clk 01:32:20]}
{[%emt 00:00:20]} Qa5 {[%clk 01:25:04]} {[%emt 00:06:01]} 8. Kb1 {[%clk
01:32:11]} {[%emt 00:00:39]} O-O {[%clk 01:16:24]} {[%emt 00:09:10]} 9. Bh6
{[%clk 01:32:25]} {[%emt 00:00:15]} b4 {[%clk 01:13:41]} {[%emt 00:03:13]} 10.
Nce2 {[%clk 01:31:17]} {[%emt 00:01:36]} c5 {[%clk 01:09:29]} {[%emt 00:04:45]}
11. h4 {[%clk 01:28:20]} {[%emt 00:03:27]} c4 {[%clk 00:55:53]} {[%emt
00:14:06]} 12. e5 {[%clk 01:10:48]} {[%emt 00:18:02]} c3 {[%clk 00:43:45]}
{[%emt 00:12:38]} 13. Qg5 {[%clk 01:09:40]} {[%emt 00:01:37]} Bxh6 {[%clk
00:38:17]} {[%emt 00:05:59]} 14. Qxh6 {[%clk 01:09:26]} {[%emt 00:00:43]} dxe5
{[%clk 00:37:31]} {[%emt 00:01:17]} 15. Qg5 {[%clk 00:57:24]} {[%emt 00:12:31]}
Be6 {[%clk 00:34:21]} {[%emt 00:03:41]} 16. Nc1 {[%clk 00:51:24]} {[%emt
00:06:28]} cxb2 {[%clk 00:32:40]} {[%emt 00:02:13]} 17. Nb3 {[%clk 00:49:54]}
{[%emt 00:01:59]} Bxb3 {[%clk 00:30:53]} {[%emt 00:02:18]} 18. cxb3 {[%clk
00:50:00]} {[%emt 00:00:24]} Nc6 {[%clk 00:28:54]} {[%emt 00:02:28]} 19. dxe5
{[%clk 00:46:59]} {[%emt 00:03:30]} Nd5 {[%clk 00:24:08]} {[%emt 00:05:17]} 20.
Ne2 {[%clk 00:31:19]} {[%emt 00:16:10]} Nc3+ {[%clk 00:22:25]} {[%emt
00:02:13]} 21. Nxc3 {[%clk 00:30:23]} {[%emt 00:01:26]} bxc3 {[%clk 00:22:34]}
{[%emt 00:00:21]} 22. Kc2 {[%clk 00:29:47]} {[%emt 00:01:05]} Rad8 {[%clk
00:19:47]} {[%emt 00:03:17]} 23. Bc4 {[%clk 00:28:15]} {[%emt 00:02:02]} Nd4+
{[%clk 00:17:59]} {[%emt 00:02:19]} 24. Rxd4 {[%clk 00:27:38]} {[%emt
00:01:07]} Rxd4 {[%clk 00:18:14]} {[%emt 00:00:15]} 25. Qe3 {[%clk 00:26:11]}
{[%emt 00:01:55]} Rd2+ {[%clk 00:18:18]} {[%emt 00:00:28]} 26. Kb1 {[%clk
00:26:32]} {[%emt 00:00:09]} Rfd8 {[%clk 00:17:47]} {[%emt 00:01:02]} 27. Be2
{[%clk 00:26:14]} {[%emt 00:00:46]} Qb6 {[%clk 00:17:38]} {[%emt 00:00:40]} 28.
Qe4 {[%clk 00:25:32]} {[%emt 00:01:12]} Qd4 {[%clk 00:17:25]} {[%emt 00:00:44]}
29. Qxd4 {[%emt 00:00:54]} R8xd4 {[%clk 00:17:44]} {[%emt 00:00:09]} 30. Re1
{[%clk 00:25:27]} {[%emt 00:00:12]} Rxe2 {[%clk 00:17:25]} {[%emt 00:00:50]}
31. Rxe2 {[%clk 00:25:37]} {[%emt 00:00:19]} Rd1+ {[%clk 00:17:44]} {[%emt
00:00:11]} 32. Kc2 {[%clk 00:25:52]} {[%emt 00:00:14]} b1=Q+ {[%clk 00:18:07]}
{[%emt 00:00:08]} 0-1